[Event "ODEM U25B 2011"]
[Site "Oberhof GER"]
[Date "2011.06.16"]
[Round "7"]
[White "Martin, Raphael"]
[Black "Herrmann, Heribert"]
[Result "1-0"]
[Termination "normal"]
[Board "1"]
[WhiteElo "1431"]
[BlackElo "1274"]
[PlyCount "72"]
[WhiteFideId "12952036"]
[BlackFideId "12971715"]
[EventCountry "GER"]
[EventRounds "9"]
[EventType "swiss"]
[EventDate "2011.06.11"]

1. e4 d6 2. d4 Nf6 3. Nc3 g6 4. f3 Bg7 5. Be3 O-O 6. Qd2 Nbd7 7. O-O-O c6 8. g4
Qc7 9. Kb1 a6 10. h4 c5 11. h5 b5 12. hxg6 fxg6 13. Qh2 Kf7 14. Nh3 Rh8 15.
Ng5+ Kg8 16. Ne6 Qa7 17. Bh6 Ne8 18. Nd5 Nf8 19. Nxg7 Nxg7 20. dxc5 dxc5 21.
Bxg7 Kxg7 22. Qe5+ Kg8 23. Nxe7+ Kf7 24. Nxc8 Rxc8 25. Qxh8 Qe7 26. Qc3 Rd8 27.
Rxd8 Qxd8 28. Qd3 Qc7 29. Qd5+ Kg7 30. e5 Qe7 31. Qd6 Qb7 32. Qf6+ Kg8 33. Bd3
Nd7 34. Qd8+ Nf8 35. Be4 Qa7 36. Bd5+ Kg7 1-0

[Event "ODEM U25B 2011"]
[Site "Oberhof GER"]
[Date "2011.06.16"]
[Round "7"]
[White "Kololli, Martin"]
[Black "Rößler, Linus Benedict"]
[Result "1-0"]
[Termination "normal"]
[Board "3"]
[WhiteElo "1553"]
[BlackElo "1523"]
[PlyCount "91"]
[WhiteFideId "12936910"]
[BlackFideId "12921076"]
[EventCountry "GER"]
[EventRounds "9"]
[EventType "swiss"]
[EventDate "2011.06.11"]

1. e4 c5 2. c3 Nf6 3. e5 Nd5 4. d4 cxd4 5. Nf3 Nc6 6. cxd4 d6 7. Bc4 dxe5 8.
dxe5 Nb6 9. Qxd8+ Nxd8 10. Bd3 g6 11. Nc3 Bd7 12. Be3 Na4 13. Nxa4 Bxa4 14. Nd4
Bd7 15. Nb5 Ne6 16. Rc1 a6 17. Nc3 Bg7 18. f4 Bc6 19. Be4 Nd8 20. Ke2 Bxe4 21.
Nxe4 Nc6 22. Nc5 b5 23. Ne6 fxe6 24. Rxc6 Kd7 25. Rhc1 Rac8 26. Rxa6 Rxc1 27.
Bxc1 Rc8 28. Ra7+ Ke8 29. Bd2 Rc2 30. b3 Bh6 31. g3 Kf7 32. Kd1 Rc8 33. Bb4 Bf8
34. Rb7 h6 35. Rxb5 g5 36. Bd2 Kg6 37. fxg5 hxg5 38. g4 Rd8 39. Ke2 Bg7 40. Ke3
Rd5 41. Rxd5 exd5 42. Kd4 e6 43. a4 Bf8 44. a5 Be7 45. a6 Bd8 46. Kc5 1-0

[Event "ODEM U25B 2011"]
[Site "Oberhof GER"]
[Date "2011.06.16"]
[Round "7"]
[White "Hoppe, Andreas"]
[Black "Kempe, Markus"]
[Result "0-1"]
[Termination "normal"]
[Board "4"]
[WhiteElo "1307"]
[BlackElo "1468"]
[PlyCount "86"]
[WhiteFideId "12922811"]
[BlackFideId "24692638"]
[EventCountry "GER"]
[EventRounds "9"]
[EventType "swiss"]
[EventDate "2011.06.11"]

1. d4 Nf6 2. e3 g6 3. Bd3 Bg7 4. f4 b6 5. Nf3 Bb7 6. Nbd2 O-O 7. O-O d6 8. Qe2
c5 9. c3 Nfd7 10. b3 Re8 11. f5 e5 12. fxe6 Rxe6 13. Qf2 Qe8 14. Nc4 d5 15. Nb2
Nf6 16. h3 Nbd7 17. Bd2 Ne4 18. Bxe4 Rxe4 19. Ng5 Re7 20. Nf3 Nf6 21. Rfe1 Ne4
22. Qe2 Nxd2 23. Qxd2 Bh6 24. Kf2 Rd8 25. Qd3 Rd6 26. g4 f6 27. Nh4 Rde6 28.
Ng2 Bc8 29. dxc5 bxc5 30. Qxd5 Bb7 31. Qxc5 Bxg2 32. Kxg2 Rxe3 33. Rxe3 Rxe3
34. Qc4+ Kh8 35. Rf1 Qa8+ 36. Kg1 Rg3+ 37. Kf2 Qf3+ 38. Ke1 Qe3+ 39. Qe2 Qxc3+
40. Kf2 Re3 41. Qc4 Qxb2+ 42. Kg1 Rg3+ 43. Kh1 Qg2# 0-1

[Event "ODEM U25B 2011"]
[Site "Oberhof GER"]
[Date "2011.06.16"]
[Round "7"]
[White "Siegl, Adrian"]
[Black "Werner, Justus"]
[Result "1/2-1/2"]
[Termination "normal"]
[Board "5"]
[WhiteElo "1412"]
[BlackElo "1344"]
[PlyCount "191"]
[WhiteFideId "12930156"]
[BlackFideId "12941107"]
[EventCountry "GER"]
[EventRounds "9"]
[EventType "swiss"]
[EventDate "2011.06.11"]

1. e4 c5 2. Nf3 d6 3. d4 cxd4 4. Nxd4 Nf6 5. Nc3 a6 6. Bc4 e6 7. Bg5 Be7 8. Nf3
b5 9. Bb3 b4 10. e5 dxe5 11. Qxd8+ Bxd8 12. Bxf6 Bxf6 13. Ne4 Ke7 14. O-O Nc6
15. Rad1 Bb7 16. Nc5 Bc8 17. Rfe1 e4 18. Ba4 exf3 19. Bxc6 Rb8 20. Nd7 Bxd7 21.
Rxd7+ Kf8 22. Red1 fxg2 23. Kxg2 g6 24. Ra7 Kg7 25. Rd6 Rb6 26. Rxe6 Bxb2 27.
Bd5 Rxe6 28. Bxe6 Rf8 29. Bb3 Bd4 30. Rxa6 Re8 31. Rd6 Re4 32. f3 Re2+ 33. Kh3
Rxh2+ 34. Kxh2 Be5+ 35. Kh3 Bxd6 36. Kg4 f6 37. f4 f5+ 38. Kg3 Kh6 39. Bc4 Kh5
40. Be2+ Kh6 41. Kf3 Kh5 42. Kg3+ Kh6 43. Kf3 Kg7 44. Bc4 h6 45. Bd3 Kf6 46.
Bc4 g5 47. fxg5+ hxg5 48. Bb5 Ke5 49. Bd7 g4+ 50. Kg2 Kf4 51. Kf2 Kg5 52. Bc6
f4 53. Kg2 Kh4 54. Bd5 Kg5 55. Bc6 Kf5 56. Bd7+ Kg5 57. Bc6 g3 58. Bf3 Kf5 59.
Kf1 Ke5 60. Ke2 Kd4 61. Kd2 Kc4 62. Be2+ Kd4 63. Bf3 Be5 64. Bg2 Kc5 65. Kd3
Kb5 66. Ke4 Bd6 67. Kd5 Bc7 68. Bf1+ Ka4 69. Bg2 Ka3 70. Kc4 Bd6 71. c3 bxc3
72. Kxc3 Kxa2 73. Kc2 Ka3 74. Bf3 Kb4 75. Kd3 Kb3 76. Bg2 Kb2 77. Kd2 Bb4+ 78.
Kd3 Kc1 79. Bf3 Ba5 80. Ke4 Bc7 81. Kd3 Kb2 82. Kd2 Kb3 83. Kd3 Kb4 84. Bg2 Kc5
85. Ke4 Kc6 86. Kd4+ Kd6 87. Ke4 Kc6 88. Kd4+ Kd6 89. Ke4 Ke6 90. Kf3 Kf5 91.
Bf1 Bb6 92. Bb5 Ke5 93. Bc6 Bc5 94. Bb7 Bd6 95. Bc6 Kd4 96. Bb5 1/2-1/2

[Event "ODEM U25B 2011"]
[Site "Oberhof GER"]
[Date "2011.06.16"]
[Round "7"]
[White "Wolfer, Joshua"]
[Black "von Reppert, Marc"]
[Result "1-0"]
[Termination "normal"]
[Board "6"]
[WhiteElo "1550"]
[BlackElo "1438"]
[PlyCount "37"]
[WhiteFideId "12945668"]
[BlackFideId "12918130"]
[EventCountry "GER"]
[EventRounds "9"]
[EventType "swiss"]
[EventDate "2011.06.11"]

1. e4 e6 2. d4 d5 3. e5 c5 4. c3 Qb6 5. Nf3 Nc6 6. Bd3 Nh6 7. O-O Nf5 8. a3
cxd4 9. cxd4 Nfxd4 10. Nxd4 Nxd4 11. Be3 Bd7 12. Bc2 Bc5 13. b4 Nxc2 14. Bxc5
Qc6 15. Ra2 b6 16. Bd6 Rc8 17. Qg4 Rg8 18. Qh4 h6 19. Qe7# 1-0

[Event "ODEM U25B 2011"]
[Site "Oberhof GER"]
[Date "2011.06.16"]
[Round "7"]
[White "Mann, Jonas"]
[Black "Sommer, Konstantin"]
[Result "0-1"]
[Termination "normal"]
[Board "7"]
[WhiteElo "1381"]
[BlackElo "1502"]
[PlyCount "94"]
[WhiteFideId "12900214"]
[BlackFideId "12926213"]
[EventCountry "GER"]
[EventRounds "9"]
[EventType "swiss"]
[EventDate "2011.06.11"]

1. Nc3 c5 2. e4 Nc6 3. f4 d6 4. Bc4 g6 5. Nf3 Bg7 6. O-O Nf6 7. d3 Bd7 8. Qe1
Na5 9. Bb3 a6 10. Ng5 Nxb3 11. axb3 h6 12. e5 hxg5 13. exf6 Bxf6 14. fxg5 Be5
15. Bf4 Bd4+ 16. Kh1 Bc6 17. Bg3 Qd7 18. Ne4 Bxe4 19. Qxe4 Bxb2 20. Rab1 Bg7
21. Qd5 Rf8 22. Rbe1 Rd8 23. Bf2 b6 24. Bg3 e5 25. c3 f5 26. gxf6 Bxf6 27. d4
cxd4 28. cxd4 b5 29. dxe5 dxe5 30. Rxe5+ Bxe5 31. Qxe5+ Qe7 32. Qxe7+ Kxe7 33.
Bh4+ Kd7 34. Rd1+ Kc7 35. Bxd8+ Rxd8 36. Rc1+ Kb6 37. h3 a5 38. Re1 Kc5 39. Re6
Rd6 40. Re4 Rd3 41. Rg4 Rxb3 42. Rxg6 a4 43. Kg1 a3 44. Kf2 a2 45. Ra6 Rb2+ 46.
Kf3 Kb4 47. h4 Rb3+ 0-1

[Event "ODEM U25B 2011"]
[Site "Oberhof GER"]
[Date "2011.06.16"]
[Round "7"]
[White "Oltmanns, Bianca"]
[Black "Eggert, André"]
[Result "1/2-1/2"]
[Termination "normal"]
[Board "8"]
[WhiteElo "1645"]
[BlackElo "1517"]
[PlyCount "58"]
[WhiteFideId "24698008"]
[BlackFideId "1270464"]
[EventCountry "GER"]
[EventRounds "9"]
[EventType "swiss"]
[EventDate "2011.06.11"]

1. e4 d5 2. exd5 Qxd5 3. Nc3 Qa5 4. d4 Nf6 5. Nf3 Bg4 6. h3 Bh5 7. Bc4 Nbd7 8.
Bd2 c6 9. Qe2 e6 10. O-O-O Bb4 11. a3 Bxc3 12. Bxc3 Qc7 13. g4 Bg6 14. Ne5 Nxe5
15. dxe5 Nd5 16. Bd2 O-O-O 17. f4 Rhe8 18. Rhf1 h6 19. Qg2 Bh7 20. Qf2 Qb6 21.
Bxd5 Rxd5 22. Be3 Qa5 23. Bxa7 Red8 24. Bb6 Rxd1+ 25. Rxd1 Rxd1+ 26. Kxd1 Qd5+
27. Qd2 Qh1+ 28. Ke2 Qg2+ 29. Ke1 Qh1+ 1/2-1/2

[Event "ODEM U25B 2011"]
[Site "Oberhof GER"]
[Date "2011.06.16"]
[Round "7"]
[White "Oberhofer, Cédric"]
[Black "Denkert, Robert"]
[Result "1/2-1/2"]
[Termination "normal"]
[Board "9"]
[WhiteElo "1409"]
[BlackElo "1220"]
[PlyCount "105"]
[WhiteFideId "12941220"]
[BlackFideId "12957216"]
[EventCountry "GER"]
[EventRounds "9"]
[EventType "swiss"]
[EventDate "2011.06.11"]

1. e4 e5 2. Nf3 Nf6 3. Nxe5 d6 4. Nf3 Nxe4 5. d3 Nf6 6. Be2 Nc6 7. O-O Be7 8.
d4 d5 9. c3 O-O 10. Qc2 Ne4 11. Nbd2 Nxd2 12. Bxd2 Bg4 13. h3 Bh5 14. Rfe1 Re8
15. Nh2 Bg6 16. Bd3 Kh8 17. Bxg6 fxg6 18. Re2 Bf6 19. Rxe8+ Qxe8 20. Re1 Qf7
21. Nf3 Rf8 22. Bg5 Re8 23. Rxe8+ Qxe8 24. Bxf6 24... gxf6 $11 25. Qb3 Nd8 26.
Qxd5 Qf8 27. Qd7 c6 28. Kf1 Qg8 29. Nd2 Qd5 30. Qxd5 cxd5 31. Ke2 Ne6 32. Kf3
h5 33. h4 g5 34. g3 Kg7 35. Nb3 b6 36. Nc1 a5 37. Nd3 Kg6 38. Ne1 f5 39. Ng2
Nc7 40. hxg5 Kxg5 41. Ne3 b5 42. Ng2 b4 43. Nf4 Kh6 44. Kg2 Kg5 45. Kh3 h4 46.
Ne2 hxg3 47. Kxg3 Nb5 48. cxb4 axb4 49. Nf4 Nxd4 50. Nxd5 b3 51. a4 Nc6 52. Nb6
Na5 53. Nd5 $11 1/2-1/2

[Event "ODEM U25B 2011"]
[Site "Oberhof GER"]
[Date "2011.06.16"]
[Round "7"]
[White "Alt, Elisabeth"]
[Black "Goujov, Alexander"]
[Result "1-0"]
[Termination "normal"]
[Board "10"]
[WhiteElo "1402"]
[BlackElo "1309"]
[PlyCount "79"]
[WhiteFideId "24692620"]
[EventCountry "GER"]
[EventRounds "9"]
[EventType "swiss"]
[EventDate "2011.06.11"]

1. e4 c6 2. Nf3 d5 3. exd5 cxd5 4. Ne5 Nc6 5. Bb5 Qc7 6. Qe2 e6 7. Nc3 Bd6 8.
Nxd5 exd5 9. Nxc6+ Be6 10. Nd4+ Ke7 11. Nf5+ Kf8 12. Nxd6 Qxd6 13. O-O a6 14.
Ba4 b5 15. Bb3 Re8 16. d4 Nf6 17. Qf3 Bg4 18. Qf4 Qe6 19. Bd2 Nh5 20. Bb4+ Kg8
21. Qd6 Qxd6 22. Bxd6 Be6 23. Rfe1 Rd8 24. Bc5 Nf6 25. a4 Bd7 26. Re7 g6 27.
Bb6 Re8 28. Bc5 Kg7 29. axb5 Bxb5 30. Rae1 Rxe7 31. Bxe7 Bc6 32. Ra1 Re8 33.
Re1 Ne4 34. Bb4 Nf6 35. Rxe8 Nxe8 36. c4 Nc7 37. Ba5 dxc4 38. Bxc4 Nb5 39. f3
Nxd4 40. Bc3 1-0

[Event "ODEM U25B 2011"]
[Site "Oberhof GER"]
[Date "2011.06.16"]
[Round "7"]
[White "Bauer, David"]
[Black "Titgemeyer, Eva Maria"]
[Result "1/2-1/2"]
[Termination "normal"]
[Board "11"]
[WhiteElo "1531"]
[BlackElo "1361"]
[PlyCount "65"]
[WhiteFideId "12913197"]
[BlackFideId "24655350"]
[EventCountry "GER"]
[EventRounds "9"]
[EventType "swiss"]
[EventDate "2011.06.11"]

1. e4 e5 2. Nf3 Nc6 3. Bc4 Nf6 4. Ng5 d5 5. exd5 b5 6. Bxb5 Qxd5 7. Nc3 Qxg2 8.
Qf3 Qxf3 9. Nxf3 Bd7 10. d3 Bd6 11. Rg1 Rg8 12. Bg5 Kf8 13. Bxf6 gxf6 14. Rxg8+
Kxg8 15. Ne4 Be7 16. O-O-O a6 17. Ba4 Rb8 18. Rg1+ Kf8 19. Ng3 Rb6 20. c3 Bg4
21. Nd2 Nd8 22. f3 Be6 23. Bb3 Bxb3 24. Nxb3 Rd6 25. d4 Ne6 26. Nf5 Rd8 27. Nh6
Ke8 28. Nf5 Kf8 29. Na5 Bd6 30. Nc6 Rc8 31. d5 Nf4 32. Kd2 Nxd5 33. Nh6 1/2-1/2

[Event "ODEM U25B 2011"]
[Site "Oberhof GER"]
[Date "2011.06.16"]
[Round "7"]
[White "Wolf, Sascha"]
[Black "Buchallik, Jakob"]
[Result "0-1"]
[Termination "normal"]
[Board "12"]
[WhiteElo "1358"]
[BlackElo "1451"]
[PlyCount "60"]
[BlackFideId "12945749"]
[EventCountry "GER"]
[EventRounds "9"]
[EventType "swiss"]
[EventDate "2011.06.11"]

1. g3 e5 2. Bg2 Bc5 3. Nf3 e4 4. Ne5 d6 5. Nc4 Be6 6. Ne3 d5 7. d3 f5 8. dxe4
fxe4 9. Nd2 Nf6 10. Nb3 Bb6 11. c3 O-O 12. O-O c6 13. Nc2 Ng4 14. Ncd4 Qf6 15.
f3 exf3 16. exf3 Ne5 17. Kh1 Bf7 18. h4 h6 19. a4 a6 20. Re1 Nbd7 21. f4 Nc4
22. Nd2 Bxd4 23. Nxc4 Bf2 24. Qg4 Bxe1 25. Be3 dxc4 26. Rxe1 Be6 27. Qe2 Bd5
28. Bd4 Bxg2+ 29. Kxg2 Qf7 30. Qg4 Rfe8 0-1

[Event "ODEM U25B 2011"]
[Site "Oberhof GER"]
[Date "2011.06.16"]
[Round "7"]
[White "Grimm, Tobias"]
[Black "Müller, Philipp"]
[Result "1-0"]
[Termination "normal"]
[Board "13"]
[WhiteElo "1439"]
[BlackElo "1328"]
[PlyCount "145"]
[EventCountry "GER"]
[EventRounds "9"]
[EventType "swiss"]
[EventDate "2011.06.11"]

1. d4 d5 2. Bf4 Nf6 3. e3 e6 4. Nd2 Be7 5. Bd3 Nbd7 6. Ngf3 O-O 7. c3 b6 8. Ne5
Nxe5 9. dxe5 Nd7 10. Qf3 Bg5 11. h4 Bxf4 12. Qxf4 Nc5 13. Bc2 Ba6 14. Qd4 f6
15. Nf3 Nd7 16. exf6 Nxf6 17. Ng5 Qe7 18. Qe5 Rae8 19. Ba4 b5 20. Bc2 Bb7 21.
f3 h6 22. Bg6 Rc8 23. Qxe6+ Qxe6 24. Nxe6 Rf7 25. Bxf7+ Kxf7 26. Nd4 c6 27.
O-O-O Re8 28. Rde1 a6 29. Nf5 Re6 30. g4 Ne8 31. e4 c5 32. exd5 Bxd5 33. Rxe6
Kxe6 34. Re1+ Kf7 35. Re7+ Kf8 36. f4 Bxa2 37. Ra7 Bc4 38. Rxa6 b4 39. Rc6 bxc3
40. bxc3 Be2 41. Ne3 Nf6 42. Rxc5 Bxg4 43. Nxg4 Nxg4 44. Rd5 Ne3 45. Rd3 Ng2
46. Rh3 Nxf4 47. Rf3 g5 48. Rxf4+ gxf4 49. Kd2 Ke7 50. Kd3 Ke6 51. Ke4 f3 52.
Kxf3 h5 53. Kf4 Kf6 54. c4 Kg6 55. c5 Kf6 56. c6 Ke7 57. Kg5 Kd6 58. Kxh5 Kxc6
59. Kg6 Kd7 60. h5 Ke8 61. Kg7 Ke7 62. h6 Ke6 63. h7 Kf5 64. h8=Q Kg5 65. Qf8
Kg4 66. Qf6 Kg3 67. Qf5 Kg2 68. Qf4 Kg1 69. Qd2 Kf1 70. Kf6 Kg1 71. Kf5 Kh1 72.
Kf4 Kg1 73. Kg3 1-0

[Event "ODEM U25B 2011"]
[Site "Oberhof GER"]
[Date "2011.06.16"]
[Round "7"]
[White "Schumann, Rabea"]
[Black "Edel, Fenja"]
[Result "0-1"]
[Termination "normal"]
[Board "14"]
[WhiteElo "1388"]
[BlackElo "1537"]
[PlyCount "94"]
[WhiteFideId "12918199"]
[BlackFideId "24696749"]
[EventCountry "GER"]
[EventRounds "9"]
[EventType "swiss"]
[EventDate "2011.06.11"]

1. e4 e6 2. d4 d5 3. e5 c5 4. c3 Nc6 5. Nf3 Qb6 6. a3 Bd7 7. b4 cxd4 8. cxd4
Nge7 9. Be3 Nf5 10. Qd2 Rc8 11. Nc3 Nxb4 12. Rb1 Qa5 13. Rb3 Nxe3 14. fxe3 Nc6
15. Nb5 Qxd2+ 16. Nxd2 Na5 17. Rb1 a6 18. Nd6+ Bxd6 19. exd6 Rc6 20. Nb3 Nxb3
21. Rxb3 b5 22. Rb1 Rxd6 23. a4 Rb6 24. axb5 axb5 25. Be2 O-O 26. O-O Rc8 27.
Rb2 Rc3 28. Ra1 g6 29. Kf2 b4 30. Rab1 b3 31. Bd1 Ba4 32. Ke2 Bb5+ 33. Kd2 Rd3+
34. Ke2 Rxd4+ 35. Ke1 Rb4 36. Rxb3 Rxb3 37. Rxb3 Rb7 38. Kf2 Ba6 39. Ra3 Rb2+
40. Kf3 Bf1 41. g3 Rxh2 42. Rc3 Rd2 43. Ba4 Bg2+ 44. Kg4 d4 45. Rb3 dxe3 46.
Bb5 e2 47. Re3 f6 0-1

[Event "ODEM U25B 2011"]
[Site "Oberhof GER"]
[Date "2011.06.16"]
[Round "7"]
[White "Fabiunke, Jakob"]
[Black "Puffay, Jana"]
[Result "1/2-1/2"]
[Termination "normal"]
[Board "15"]
[WhiteElo "1344"]
[BlackElo "1394"]
[PlyCount "41"]
[WhiteFideId "24686085"]
[BlackFideId "24692360"]
[EventCountry "GER"]
[EventRounds "9"]
[EventType "swiss"]
[EventDate "2011.06.11"]

1. d4 d5 2. Nf3 Nf6 3. c4 dxc4 4. Nc3 Nbd7 5. Bf4 Nb6 6. e4 e6 7. a3 Bd7 8. Be2
Be7 9. O-O O-O 10. Ne5 c5 11. Nxc4 cxd4 12. Qxd4 Nxc4 13. Qxc4 Rc8 14. Qb3 Qb6
15. Qxb6 axb6 16. Bf3 Bc6 17. Rad1 Rfd8 18. Rxd8+ Rxd8 19. Bc7 Rd2 20. Rb1 Bc5
21. Bg3 1/2-1/2

[Event "ODEM U25B 2011"]
[Site "Oberhof GER"]
[Date "2011.06.16"]
[Round "7"]
[White "Reimann, Matthias"]
[Black "Schlichter, Lisa"]
[Result "0-1"]
[Termination "normal"]
[Board "17"]
[WhiteElo "1541"]
[BlackElo "1069"]
[PlyCount "82"]
[WhiteFideId "12928046"]
[BlackFideId "12926396"]
[EventCountry "GER"]
[EventRounds "9"]
[EventType "swiss"]
[EventDate "2011.06.11"]

1. Nf3 d5 2. g3 Nf6 3. Bg2 e6 4. O-O Be7 5. d4 O-O 6. Bf4 b6 7. Nc3 Bb7 8. Nb5
Na6 9. a3 c5 10. Ne5 Nd7 11. Nf3 Bc6 12. Nc3 Bf6 13. Bc1 Nc7 14. Re1 e5 15.
dxe5 Nxe5 16. Nb1 Qd7 17. Nbd2 Rfe8 18. Nxe5 Bxe5 19. Nf3 Bf6 20. Rb1 h6 21.
Bf4 Rac8 22. h3 Nb5 23. Nh2 d4 24. Ng4 Qe6 25. Bf1 Bd8 26. Nh2 Qg6 27. Ng4 h5
28. Ne5 Rxe5 29. Bxe5 Qe4 30. f3 Qxe5 31. Bg2 Qxg3 32. Qd3 Bd7 33. Kh1 Bxh3 34.
Bxh3 Qxh3+ 35. Kg1 Rc6 36. Kf2 Bh4+ 37. Kg1 Rg6+ 38. Qxg6 fxg6 39. Red1 Bg3 40.
e3 Qh2+ 41. Kf1 Qf2# 0-1

[Event "ODEM U25B 2011"]
[Site "Oberhof GER"]
[Date "2011.06.16"]
[Round "7"]
[White "Hartewig, Anja"]
[Black "Rose, Luis Stratos"]
[Result "1-0"]
[Termination "normal"]
[Board "18"]
[WhiteElo "1539"]
[BlackElo "1024"]
[PlyCount "57"]
[WhiteFideId "12917966"]
[BlackFideId "12976008"]
[EventCountry "GER"]
[EventRounds "9"]
[EventType "swiss"]
[EventDate "2011.06.11"]

1. d4 Nf6 2. c4 g6 3. Nc3 Bg7 4. e4 d6 5. Bg5 O-O 6. Bd3 e5 7. d5 Nbd7 8. Nge2
a5 9. O-O Nc5 10. Bc2 Qe8 11. h3 h6 12. Be3 Nh7 13. Qd2 g5 14. Ng3 f6 15. Nf5
Qh5 16. Nxg7 Kxg7 17. Bd1 g4 18. hxg4 Qh4 19. f3 Ng5 20. Bf2 Nh3+ 21. gxh3 Qxh3
22. Bxc5 dxc5 23. Qh2 Qxh2+ 24. Kxh2 Kg6 25. Kg2 Rh8 26. Rh1 Kg5 27. Rh5+ Kf4
28. Kf2 b6 29. Ne2# 1-0

[Event "ODEM U25B 2011"]
[Site "Oberhof GER"]
[Date "2011.06.16"]
[Round "7"]
[White "Morio, Estelle"]
[Black "Weber, Yannik"]
[Result "1/2-1/2"]
[Termination "normal"]
[Board "19"]
[WhiteElo "1012"]
[BlackElo "1542"]
[PlyCount "55"]
[WhiteFideId "12951951"]
[BlackFideId "24692700"]
[EventCountry "GER"]
[EventRounds "9"]
[EventType "swiss"]
[EventDate "2011.06.11"]

1. e4 e5 2. Nc3 Nc6 3. g3 Bc5 4. Bg2 Qf6 5. Nf3 Nge7 6. O-O d6 7. h3 Bd7 8. Kh2
h6 9. Qe1 g5 10. Ng1 O-O-O 11. Nge2 h5 12. d3 h4 13. g4 Nd4 14. Nxd4 Bxd4 15.
Be3 Nc6 16. Nd5 Qg6 17. Bxd4 exd4 18. b4 Be6 19. b5 Bxd5 20. exd5 Rde8 21. Qb1
Ne5 22. a4 f5 23. f3 fxg4 24. fxg4 Rhf8 25. a5 Rf7 26. b6 a6 27. bxc7 Rxc7 28.
Be4 1/2-1/2

[Event "ODEM U25B 2011"]
[Site "Oberhof GER"]
[Date "2011.06.16"]
[Round "7"]
[White "Cejda, Moritz"]
[Black "Eue, Vicky"]
[Result "1-0"]
[Termination "normal"]
[Board "21"]
[WhiteElo "1179"]
[BlackElo "1296"]
[PlyCount "83"]
[WhiteFideId "12925152"]
[BlackFideId "12945838"]
[EventCountry "GER"]
[EventRounds "9"]
[EventType "swiss"]
[EventDate "2011.06.11"]

1. e4 e6 2. d3 d5 3. Nd2 c5 4. Ngf3 Nc6 5. g3 Nf6 6. Bg2 Be7 7. O-O O-O 8. e5
Nd7 9. Re1 f6 10. c4 fxe5 11. cxd5 exd5 12. Qb3 Nf6 13. Nxe5 Nd4 14. Qd1 Bd6
15. Nb3 Bxe5 16. Rxe5 Qd6 17. Bf4 Qd8 18. Nxc5 Nc6 19. Re1 b6 20. Ne6 Bxe6 21.
Rxe6 Nd4 22. Rd6 Qe7 23. Kf1 Rfe8 24. Rxd5 Nxd5 25. Bxd5+ Kf8 26. Bxa8 Rxa8 27.
Be3 Rd8 28. Bxd4 Rxd4 29. Qf3+ Kg8 30. Re1 Qd7 31. Qa8+ Kf7 32. Qf3+ Kg6 33.
Re3 h6 34. Ke2 Qc8 35. Kd2 Qc4 36. Re4 Qb4+ 37. Kc2 Qc5+ 38. Kb1 Rd5 39. Re6+
Kh7 40. Qe4+ Kg8 41. Re8+ Kf7 42. Qe6# 1-0

[Event "ODEM U25B 2011"]
[Site "Oberhof GER"]
[Date "2011.06.16"]
[Round "7"]
[White "ter Stal, Esther"]
[Black "Scholz, Richard"]
[Result "1-0"]
[Termination "normal"]
[Board "22"]
[WhiteElo "847"]
[BlackElo "1097"]
[PlyCount "37"]
[WhiteFideId "12944467"]
[EventCountry "GER"]
[EventRounds "9"]
[EventType "swiss"]
[EventDate "2011.06.11"]

1. d4 Nf6 2. Nf3 g6 3. e3 d6 4. Bd3 Bg7 5. c3 O-O 6. O-O Nfd7 7. Nbd2 f5 8. e4
Nb6 9. Re1 e5 10. dxe5 dxe5 11. Bc2 Nc6 12. Nb3 Be6 13. Bg5 Bf6 14. Bxf6 Qxf6
15. Qe2 Nc4 16. Nc5 Nd6 17. Nxe6 Qxe6 18. Bb3 Nc4 19. Bxc4 1-0

[Event "ODEM U25B 2011"]
[Site "Oberhof GER"]
[Date "2011.06.16"]
[Round "7"]
[White "Jansen, Nina"]
[Black "Hoppe, Michael"]
[Result "0-1"]
[Termination "normal"]
[Board "23"]
[WhiteElo "1478"]
[BlackElo "1098"]
[PlyCount "70"]
[WhiteFideId "12934500"]
[BlackFideId "12928747"]
[EventCountry "GER"]
[EventRounds "9"]
[EventType "swiss"]
[EventDate "2011.06.11"]

1. e4 d5 2. exd5 Qxd5 3. Nf3 Bg4 4. Be2 Nc6 5. Nc3 Qa5 6. O-O Nf6 7. d3 e6 8.
Bd2 Bb4 9. a3 Bxc3 10. Bxc3 Qd5 11. h3 Bh5 12. Nh2 Bxe2 13. Qxe2 O-O-O 14. Qf3
Rhg8 15. Bd2 Nd4 16. Qxd5 Nxd5 17. Rac1 Ne2+ 18. Kh1 Nxc1 19. Rxc1 g5 20. b4
Nf6 21. Be3 h5 22. g4 hxg4 23. hxg4 Nd5 24. Bd2 f6 25. Nf3 Rh8+ 26. Kg1 Nf4 27.
Kf1 Rh1+ 28. Ng1 Rxg1+ 29. Kxg1 Ne2+ 30. Kg2 Nxc1 31. Bxc1 Rd6 32. Be3 Rc6 33.
c4 Ra6 34. Bc1 Rd6 35. Bb2 e5 0-1

[Event "ODEM U25B 2011"]
[Site "Oberhof GER"]
[Date "2011.06.16"]
[Round "7"]
[White "Nabinger, Annalena"]
[Black "Maiwald, Lars"]
[Result "1/2-1/2"]
[Termination "normal"]
[Board "25"]
[WhiteElo "1233"]
[BlackElo "940"]
[PlyCount "28"]
[WhiteFideId "12902225"]
[BlackFideId "12958999"]
[EventCountry "GER"]
[EventRounds "9"]
[EventType "swiss"]
[EventDate "2011.06.11"]

1. e4 c5 2. Nc3 e6 3. Nf3 b6 4. d4 cxd4 5. Nxd4 d6 6. Bc4 Nf6 7. Bg5 Be7 8. O-O
Bb7 9. Qd3 O-O 10. Rad1 Nbd7 11. Bxf6 Bxf6 12. Nb3 Be7 13. Rfe1 Rc8 14. Ba6
Bxa6 1/2-1/2

[Event "ODEM U25B 2011"]
[Site "Oberhof GER"]
[Date "2011.06.16"]
[Round "7"]
[White "Hallbauer, Emil Karlsson"]
[Black "Neumann, Tiemon"]
[Result "0-1"]
[Termination "normal"]
[Board "26"]
[WhiteElo "856"]
[BlackElo "1163"]
[PlyCount "92"]
[BlackFideId "12925462"]
[EventCountry "GER"]
[EventRounds "9"]
[EventType "swiss"]
[EventDate "2011.06.11"]

1. e4 e5 2. Nf3 Nc6 3. d4 exd4 4. Nxd4 Nf6 5. Nxc6 bxc6 6. Nc3 d5 7. e5 Ng4 8.
f3 Nxe5 9. Qe2 Qe7 10. f4 Ng4 11. Qxe7+ Bxe7 12. h3 Nf6 13. Be3 c5 14. Nb5 O-O
15. O-O-O c6 16. Nc7 Rb8 17. Ba6 d4 18. Bf2 Bd6 19. Bxc8 Rfxc8 20. Na6 Bxf4+
21. Kb1 Rb5 22. Be1 Bd6 23. b3 Rb6 24. Nxc5 Bxc5 25. g4 Nd5 26. Rd2 Nc3+ 27.
Kb2 Ra6 28. a4 Rb6 29. Bg3 Nxa4+ 30. Ka2 Nc3+ 31. Kb2 Ra6 32. Ra1 Ba3+ 33. Rxa3
Rxa3 34. Kxa3 Nb1+ 35. Kb2 Nxd2 36. Be5 Nf3 37. Bf4 h6 38. Bg3 Re8 39. c4 d3
40. Kc3 d2 41. Kc2 Rd8 42. Bc7 d1=Q+ 43. Kb2 Rd2+ 44. Ka3 Nd4 45. Ka4 c5 46.
Ka5 Qa1# 0-1

[Event "ODEM U25B 2011"]
[Site "Oberhof GER"]
[Date "2011.06.16"]
[Round "7"]
[White "Granzin, David"]
[Black "Riedel, Erich"]
[Result "0-1"]
[Termination "normal"]
[Board "27"]
[WhiteElo "975"]
[BlackElo "1137"]
[PlyCount "74"]
[WhiteFideId "12922145"]
[BlackFideId "12958646"]
[EventCountry "GER"]
[EventRounds "9"]
[EventType "swiss"]
[EventDate "2011.06.11"]

1. e4 e6 2. d4 d5 3. Nd2 Nf6 4. Bd3 c5 5. c3 Nc6 6. e5 Nd7 7. Ngf3 Qb6 8. Qa4
Be7 9. O-O O-O 10. a3 f6 11. exf6 Nxf6 12. b4 cxd4 13. b5 dxc3 14. bxc6 cxd2
15. Bxd2 bxc6 16. Rfc1 Bd7 17. Rab1 Qc7 18. Ba5 Qc8 19. Ba6 Qxa6 20. Ne5 Bd8
21. Nxd7 Nxd7 22. Rxc6 Qxa5 23. Qg4 Nf6 24. Qxe6+ Kh8 25. Ra6 Qd2 26. h3 Bb6
27. Rf1 Ne4 28. Rxb6 axb6 29. Qc6 Rac8 30. Qd7 Rc1 31. Rxc1 Qxc1+ 32. Kh2 Qf4+
33. Kh1 Qxf2 34. Qe7 Ng3+ 35. Kh2 Nf1+ 36. Kh1 Ne3 37. a4 Qxg2# 0-1